000 00566nam a2200217Ia 4500
005 20250428125744.0
008 250408s9999 xx 000 0 und d
037 _aReference
040 _aLCO
_beng
_cLCO
041 _aeng
_2eng
084 _aY15:4:6 R2
_qLCO
100 _aReddy, G.B
_9753169
245 0 _aTransgenders and the Law
_c G.B. Reddy
250 _a1st
260 _aLucknow, India
_bEastern Book Company
_c2022
300 _a150
365 _aINR
_b425
650 _aLaw
942 _cREF
_hY15:4:6 R2
999 _c1309478
_d1309478